Statistics for Famines since 1980

Click here to take the quiz!

General Stats

  • This quiz has been taken 116 times
    (82 since last reset)
  • The average score is 11 of 17

Answer Stats

YearCountries% Correct
1998-2000Ethiopia
86%
1984-85Ethiopia
86%
2011-12Somalia
83%
1991-92Somalia
83%
1998Sudan
74%
2005-06Niger
71%
2012Niger
71%
2016-presentYemen
70%
1998-2004DR Congo
64%
2017-presentSouth Sudan
64%
2012Mali
59%
1996North Korea
54%
1980-81Uganda
51%
2012Mauritania
47%
2012Senegal
39%
2012Burkina Faso
34%
2012Gambia
24%

Score Distribution

Percentile by Number Answered

Percent of People with Each Score

Your Score History

You have not taken this quiz since the last reset